000 00951nmm a2200301 a 4500
001 ocm0001221757
003 TR-IsHL
005 20201028154853.0
008 140104s2005 tu tur
007 cr cn
020 _a9789754110975
035 _a1221757
_b(N$T)
050 0 4 _aQA75.5
_bY37 2005
090 0 4 _aQA75.5
_bY37 2005
100 1 _aYarcı, Kemal
245 1 0 _aBilgisayar uygulamaları 3
_h[electronic resource] /
_cKemal Yarcı ; Orhan Öztürk
260 _aİstanbul :
_bYüce Yayınları,
_c2005
300 _a344 p.
650 4 _aBilgisayar
650 4 _aComputer Sciences
650 0 _aBilgisayar bilimleri
650 0 _aComputer science
650 0 _aElektronik sayısal bilgisayarlar
650 0 _aElectronic digital computers
650 7 _aCOMPUTERS / General
_2bisacsh
700 1 _aÖztürk, Orhan
856 4 0 _uhttp://search.ebscohost.com/login.aspx?direct=true&scope=site&db=e011xww&AN=1221757
999 _c12796
_d12796